Manual de Optometría
Αποθηκεύτηκε σε:
| Κύριοι συγγραφείς: | , |
|---|---|
| Μορφή: | Βιβλίο |
| Γλώσσα: | Ισπανικά |
| Έκδοση: |
Buenos Aires
Médica Panamericana
2010
|
| Έκδοση: | 1a. ed |
| Θέματα: | |
| Ετικέτες: |
Προσθήκη ετικέτας
Δεν υπάρχουν, Καταχωρήστε ετικέτα πρώτοι!
|
MARC
| LEADER | 00000cam a2200000 a 4500 | ||
|---|---|---|---|
| 001 | UCE1714 | ||
| 003 | CL-VaPUC | ||
| 008 | 140508e20101000ag |||||||||||||||||spa|d | ||
| 020 | |a 9788498352726 | ||
| 082 | 0 | 4 | |a 617.75 |b MAR |2 21 |
| 100 | |a Martín Herranz, Raúl |e autor |9 245683 | ||
| 700 | 0 | |a Vecilla Antolínez, Gerardo |e author |9 574094 | |
| 245 | 1 | 0 | |a Manual de Optometría |
| 250 | |a 1a. ed | ||
| 300 | |a 718 p | ||
| 942 | |c BK | ||
| 945 | |d 20140508 16:03:00 |a dcastane | ||
| 260 | |a Buenos Aires |b Médica Panamericana |c 2010 | ||
| 650 | 7 | |a OPTOMETRIA |2 CL-VaPUC |9 574095 | |
| 650 | 0 | |a Refracción ocular |9 490692 | |
| 650 | 0 | |a Enfermedades de los ojos |9 351395 | |
| 650 | 0 | |a Instrumentos médicos |9 420250 | |
| 583 | |a last modification |c 20140508 16:03:00 |k Rodrigo Vera | ||
| 999 | |c 355437 |d 355435 | ||
| 952 | |0 0 |1 0 |3 erb |4 0 |6 617_750000000000000_MAR_2010 |7 0 |8 A |9 462162 |a BIBCUR |b BIBCUR |i 507374K |l 3 |m 2 |o 617.75 MAR 2010 |p 507374K |r 2025-04-24 |s 2025-04-23 |w 2019-11-23 |y BK |z Catalogado en:20140508 |k TEM | ||
| 952 | |0 0 |1 0 |3 erb |4 0 |6 617_750000000000000_MAR_2010 |7 0 |8 A |9 462164 |a BIBCUR |b BIBCUR |i 5073766 |l 6 |m 2 |o 617.75 MAR 2010 |p 5073766 |r 2025-04-22 |s 2023-09-21 |w 2019-11-23 |y BK |z Catalogado en:20140508 |k TEM | ||